LDR 00696naa#a2200193#i#450# 001 EN\INFRA-M\bibl\123128 005 20260704052831.6 011 ## _a2500-0497 100 ## _a20260618b2026####ek#y0engy0150####ca 102 ## _aRU 200 1# _aSovetskaya Gavan: from the Imperial Harbour to the Pacific Fleet support hub. The logic of state decisions of the 1930s – 1950s _eJournal article 210 1# _aMoscow _cINFRA-M Academic Publishing LLC. _d2026 215 ## _a7 с. 608 ## _aJournal article _2local 675 ## _aВсеобщая история. 94 _z 700 #1 _aLavskaya _gKristina Konstantinovna 700 #1 _aGorokh _gArtem Olegovich 700 #1 _aBahodurov _gFirdavs Abdulzhalilovich 856 4# _anaukaru.ru _u